Name the Artist by Song(Christian) - Statistics

General Stats
  • This quiz has been taken 7 times
  • The average score is 23 of 125
Answer Stats
Hint Answer % Correct
The Prodigal Josiah Queen
83%
How Great is Our God Chris Tomlin
67%
Indescribable Chris Tomlin
67%
Jesus Freak DC Talk
67%
Burn the Ships For King and Country
67%
God Only Knows For King and Country
67%
Dusty Bibles Josiah Queen
67%
I Can Only Imagine MercyMe
67%
Love Broke Thru TobyMac
67%
Speak Life TobyMac
67%
Praise You In This Storm Casting Crowns
50%
Good God Almighty Crowder
50%
Red Letters Crowder
50%
joy. For King and Country
50%
WORLD ON FIRE For King and Country
50%
demons Josiah Queen
50%
Don’t Stop Praying Matthew West
50%
Hello, My Name Is Matthew West
50%
Battle Belongs Phil Wickham
50%
Hymn of Heaven Phil Wickham
50%
This is Amazing Grace Phil Wickham
50%
Me Without You TobyMac
50%
Move(Keep Walkin) TobyMac
50%
Less Like Me Zach Williams
50%
Give Me Your Eyes Brandon Heath
33%
Miracles Colton Dixon
33%
He Knows Jeremy Camp
33%
My Promised Land Josiah Queen
33%
Yesterday Is Dead Josiah Queen
33%
Truth Be Told Matthew West
33%
10,000 Reasons Matt Redman
33%
Oh, Death MercyMe
33%
Where Would I Be Peter Burton
33%
Living Hope Phil Wickham
33%
Confidence Sanctus Real
33%
Counting My Blessings Seph Schlueter
33%
Running Back To You Seph Schlueter
33%
Rescue Story Zach Williams
33%
My Savior My God Aaron Shust
17%
Overwhelmed Big Daddy Weave
17%
Jesus in Disguise Brandon Heath
17%
See Me Through It Brandon Heath
17%
Empty Room Cade Thompson
17%
Provider Cade Thompson
17%
Source of Life Cade Thompson
17%
The One Cade Thompson
17%
Lifesong Casting Crowns
17%
Home Chris Tomlin
17%
Priceless For King and Country
17%
RELATE For King and Country
17%
Ooh Ahh(My Life Be Like)(Featuring TobyMac Grits
17%
Sparrows Jason Gray
17%
Anxious Heart Jeremy Camp
17%
These Days Jeremy Camp
17%
Changed Jordan Feliz
17%
Strong Tower Kutless
17%
Good Matthew West
17%
Grace Wins Matthew West
17%
Almost Home MercyMe
17%
Always Only Jesus MercyMe
17%
TESTIFY NEEDTOBREATHE
17%
He Reigns Newsboys
17%
You Are God Alone Phillips, Craig, and Dean
17%
My God Is Still The Same Sanctus Real
17%
Redeemed Big Daddy Weave
0%
The Light In Me Brandon Heath
0%
Your Love Brandon Heath
0%
Fear No More Building 429
0%
We Won’t Be Shaken Building 429
0%
Where I Belong Building 429
0%
Bigger Story Cade Thompson
0%
Grateful Cade Thompson
0%
Tears Cade Thompson
0%
One Step Away Casting Crowns
0%
Start Right Here Casting Crowns
0%
Thrive Casting Crowns
0%
Fix My Eyes For King and Country
0%
Diamonds Hawk Nelson
0%
Drops in the Ocean Hawk Nelson
0%
Good to Be Alive Jason Gray
0%
Remind Me Who I Am Jason Gray
0%
When You Speak Jeremy Camp
0%
Breathe Jonny Diaz
0%
The River Jordan Feliz
0%
King of My Heart Kutless
0%
Everlasting God Lincoln Brewster
0%
There Is Power Lincoln Brewster
0%
Life is Good Matthew West
0%
What If Matthew West
0%
Because He Lives(Amen) Matt Maher
0%
The Lord’s Prayer Matt Maher
0%
All of Creation MercyMe
0%
Burn Baby Burn MercyMe
0%
Flawless MercyMe
0%
Forgivable MercyMe
0%
Grace Got You MercyMe
0%
Hands Up MercyMe
0%
Heaven’s Here MercyMe
0%
To Not Worship You MercyMe
0%
You Are I Am MercyMe
0%
Washed by the Water NEEDTOBREATHE
0%
Live With Abandon Newsboys
0%
Mighty To Save Newsboys
0%
Your Love Never Fails Newsboys
0%
Great I Am Phillips, Craig, and Dean
0%
Revelation Song Phillips, Craig, and Dean
0%
Rather Be Lost(Featuring Cade Thompson) Roy Tosh
0%
Eye of the Storm(Featuring Gabe Real) Ryan Stevenson
0%
No Matter What(Featuring Bart Millard) Ryan Stevenson
0%
Preach Ryan Stevenson
0%
The Gospel Ryan Stevenson
0%
Lead Me Sanctus Real
0%
Live Like That Sidewalk Prophets
0%
I Will Fear No More The Afters
0%
Lift Me Up The Afters
0%
Light up the Sky The Afters
0%
Well Done The Afters
0%
I Need A Miracle Third Day
0%
Trust In Jesus Third Day
0%
Beyond Me TobyMac
0%
The Elements TobyMac
0%
Good Fight Unspoken
0%
Reason Unspoken
0%
Start a Fire Unspoken
0%
Survivor Zach Williams
0%
No matching quizzes found
Score Distribution
Percent of People with Each Score
Percentile by Number Answered
Your Score History
You have not taken this quiz